000 00907nam a22002057a 4500
003 OSt
005 20170608093049.0
008 150409b2006 slv spa
040 _cBMC
082 _a621.398
100 1 _936113
_aTorres González, Mario Ernesto
245 1 0 _aPasantía en Compañia de Telecomunicaciones de El Salvador (TELECOM, S.A. de C.V.)
_b: Informe final
_cMario Ernesto Torres González
260 _aSanta Ana (El Salvador)
_bUniversidad Católica de Occidente
_c2006
300 _a1 v. (pág. var.)
_bil. col
_c28 cm
_e+ 1 disco compacto
500 _aPrecede al tít.: Universidad Católica de Occidente, Facultad de Ingeniería y Arquitectura
502 _aPara optar al título de Ingeniero en Sistemas Informáticos
650 2 4 _98508
_aDiseño de sistemas
710 2 _91166
_aUniversidad Católica de El Salvador
_bFacultad de Ingeniería y Arquitectura
942 _2ddc
_cTG
999 _c22340
_d22340